Los principios generales del Derecho en el Derecho Administrativo

Sábháilte in:
Sonraí bibleagrafaíochta
Príomhchruthaitheoir: Cassagne, Juan Carlos (Údar)
Formáid: LEABHAR
Teanga:Spáinnis
Foilsithe / Cruthaithe: Buenos Aires Abeledo-Perrot 1992
Eagrán:1a. ed
Ábhair:
Clibeanna: Cuir clib leis
Níl clibeanna ann, Bí ar an gcéad duine le clib a chur leis an taifead seo!

MARC

LEADER 00000cam a2200000 a 4500
001 UCB0024
003 CL-VaPUC
005 20230731102522.0
008 191206e19920000ag spa d
020 |a 9502004558 
082 0 4 |a 342.06  |b CAS  |2 21 
100 1 |a Cassagne, Juan Carlos  |e author  |9 605346 
245 1 4 |a Los principios generales del Derecho en el Derecho Administrativo 
250 |a 1a. ed 
260 |a Buenos Aires  |b Abeledo-Perrot  |c 1992 
300 |a 111 p 
583 |a last modification  |c 20191206 10:52:00  |k Rodrigo Vera 
650 0 0 |a Derecho administrativo  |9 254851 
650 0 0 |a Administración pública   |9 255343 
650 0 0 |a Responsabilidad del estado  |9 258115 
650 0 0 |a Actos administrativos   |9 256128 
942 |c BK 
945 |a dcastane  |d 20191206 10:52:00 
999 |c 376276  |d 376274 
952 |0 0  |1 0  |2 ddc  |3 erb  |4 0  |6 342_060000000000000_CAS_1992  |7 0  |8 A  |9 495637  |a BIBDER  |b BIBDER  |e Precht Pizarro, Jorge Enrique  |i 5611180  |l 1  |o 342.06 CAS 1992  |p 5611180  |r 2023-09-15  |s 2023-08-17  |w 2020-01-06  |y MX  |z Catalogado en:20191206  |k DER